| 000 | 00449nam a2200181Ia 4500 | ||
|---|---|---|---|
| 008 | 230524s9999 xx 000 0 und d | ||
| 020 | _a978019956862 | ||
| 082 | _bPET | ||
| 100 |
_aW.P.Petersen _942636 |
||
| 245 | 0 | _aIntroduction to Parallel Computing | |
| 250 | _a1 | ||
| 260 |
_aNew Delhi _bWiley India _c2014 |
||
| 300 | _a"XVI,195p;" | ||
| 500 | _aQuantity Number: 1 | ||
| 650 | _aComp-Sc | ||
| 700 |
_a P.Arbenz _942637 |
||
| 942 | _cBK | ||
| 999 |
_c57649 _d57649 |
||